00579nam a2200157 i 450000100060000000300090000600500170001500700030003200800410003524500950007626000580017130000220022985200320025199900170028395201210030057134ES-MaACL20230906163523.0t|031015m19561957sp ||||1| spa d00aDisposiciones y leyes vigentes sobre el Ministerio de la Gobernaciónb: Régimen local. aMadrid : bEdic. V.A.S.A., c[1956-57] (fMonteverde) a286 p. ; c15 cm. aES-MaACLjC-13542 bR.40992 c57134d57134 00104070aATENEOMbATENEOMcSPALd2008-01-17eSCl0oC-13542p1059990r2023-02-23 00:00:00w2023-02-23yMONOGRAFIA